000 00345nam a2200133 a 4500
005 20140513081058.0
008 080110s19uu xx 00 eng d
050 _aVCD
_bLi778 2002
245 _aLittle mermaid (The):
_bwhale of a tale.
260 _bWalt disney,
_c2002.
440 _aWalt Disney
650 _aMermaid-fiction.
999 _c116623
_d116623